Teaching Aldult Second Language Learners
Saved in:
| Main Author: | |
|---|---|
| Format: | Book |
| Language: | Undetermined |
| Published: |
Cambridge
Cambridge University Press
2003
|
| Subjects: | |
| Tags: |
Add Tag
No Tags, Be the first to tag this record!
|
| Institutions: | Trung tâm Học liệu Trường Đại học Cần Thơ |
|---|
| LEADER | 00564nam a2200193Ia 4500 | ||
|---|---|---|---|
| 001 | CTU_64956 | ||
| 008 | 210402s9999 xx 000 0 und d | ||
| 020 | |c 289000 | ||
| 082 | |a 428.0071 | ||
| 082 | |b M478 | ||
| 100 | |a McKay, Heather | ||
| 245 | 0 | |a Teaching Aldult Second Language Learners | |
| 260 | |a Cambridge | ||
| 260 | |b Cambridge University Press | ||
| 260 | |c 2003 | ||
| 650 | |a Language and languages,Second language acquisition | ||
| 650 | |x Study and teahing | ||
| 904 | |i TUYẾN,Hải | ||
| 980 | |a Trung tâm Học liệu Trường Đại học Cần Thơ | ||